00489nam a2200181 a 450000100060000000300090000600800410001502000150005604000280007108200090009910000380010824500290014626000650017530000070024049000250024765000230027265000120029513786CO-ViMGA141112s2004 ck r 000 u spa d a9580504121 aCO-ViMGAbspacCO-ViMGA04aLAFc1 aLa Fontaine, Jean de, 1621 - 169510aFábulas de La Fontaime aSantafé de Bogotá : bEducar Cultural Recreativa, c1989 a24 aCuentos para soñar14aCUENTOS INFANTILES14aFABULAS